Intuitionism : an introduction

Αποθηκεύτηκε σε:
Λεπτομέρειες βιβλιογραφικής εγγραφής
Κύριος συγγραφέας: Heyting, A. (Arend), 1898-1980
Μορφή: Βιβλίο
Γλώσσα:English
Δημοσίευση: Amsterdam : North-Holland, 1956.
Σειρά:Studies in logic and the foundations of mathematics
Θέματα:
Ετικέτες: Προσθήκη ετικέτας
Δεν υπάρχουν, Καταχωρήστε ετικέτα πρώτοι!

MARC

LEADER 00000cam a2200000 a 4500
001 1/109087
008 151006s1956####ne | ||| |||| ||eng||
040 |a GR-MyUa  |b gre  |c GR-MyUa  |e AACR2 
041 0 |a eng 
082 7 |a 511.3   |2 (23) 
100 1 |a Heyting, A.   |q (Arend),   |d 1898-1980. 
245 1 0 |a Intuitionism :   |b an introduction /   |c A. Heyting.  
260 |a Amsterdam :   |b North-Holland,   |c 1956.  
300 |a viii, 132 σ. :   |c 22 εκ.  
490 1 |a (Studies in logic and the foundations of mathematics) 
650 0 |a Intuitionistic mathematics. 
830 0 |a Studies in logic and the foundations of mathematics 
852 |a INST  |b SAMOS  |c MAG  |e 20151006  |h 511.3 HEY  |p 005300042981  |q 005300042981  |t BK  |y 0 
970 |a Σιτζίμη  |b Γιασεμή  |z 06/10/2015